000
00293 a2200145 4500
001
177184
020
_a
040
_c
Magnum
100
_a
-
240
1
0
_a
Pinacoteca caras: rafael
_l
por
245
1
0
_a
Pinacoteca caras: rafael
362
0
_a
1899
697
_a
MAGNITO: ARTES
942
_c
BK
999
_c
177184
_d
177184